| 000 | 00000nam##2200000za#4500 |
| 001 | 9.640805 |
| 003 | CaOODSP |
| 005 | 20250910142445 |
| 007 | cr ||||||||||| |
| 008 | 150407|1992||||xxc|||||o f|0| 0 fre|d |
| 040 | |aCaOODSP|bfre |
| 043 | |an-cn--- |
| 086 | 1 |aD3-7/1992F-PDF |
| 110 | 1 |aCanada. |bMinistère de la défense nationale. |
| 245 | 13|aLa politique de défense du Canada |h[ressource électronique] |
| 246 | 17|aPolitique de défense 1992 |
| 260 | |aOttawa - Ontario : |bDéfense nationale |c1992. |
| 300 | |a46p. |
| 590 | |a12-38-Supp|b2012-09-27 |
| 691 | 07|aPolitique de défense|2gcpds |
| 775 | 08|tCanadian defence policy |w(CaOODSP)9.696697 |
| 856 | 40|ahttp://publications.gc.ca|qPDF|s15.45 Mo|uhttps://publications.gc.ca/collections/collection_2012/dn-nd/D3-7-1992-fra.pdf |